Statistics for Acts who have performed at half time at last 10 Superbowls

Click here to take the quiz!

General Stats

  • This quiz has been taken 21 times
  • The average score is 9 of 26

Answer Stats

Year Answer % Correct
2017Lady Gaga
74%
2015Katy Perry
74%
2012Madonna
74%
2016Coldplay
68%
2013Beyonce
68%
2014Bruno Mars
63%
2010The Who
42%
2011Black Eyed Peas
37%
2009Bruce Springsteen & E Street Band
32%
2008TomPetty & The Heartbreakers
26%
2012Nicki Minaj
26%
2013Destiny's Child
21%
2012M.I.A.
16%
2014Red Hot Chilli Peppers
16%
2015Lenny Kravitz
16%
2012Cee Lo Green
11%
2012Cirque De Soleil
11%
2012LMFAO
11%
2015Missy Elliott
11%
2011Usher
11%
2016Mark Ronson
11%
2011Slash
5%
2016Gustavo Dudamel
5%
2012Andy Lewis
0%

Score Distribution

Percentile by Number Answered

Percent of People with Each Score

Your Score History

You have not taken this quiz